000 00247nam a22001097a 4500
082 _a621.38889 GOO'S
100 _aGOODMAN, ROBERT
_932422
245 _aSIMPLIFIED TV TROUBLE DIAGNOSIS
260 _aUSA
_bTAB
_c1973
300 _a320P
942 _cBK
999 _c580413
_d580413